| 000 | 01121nam a22002417a 4500 | ||
|---|---|---|---|
| 003 | BD-DhJNU | ||
| 005 | 20260504054515.0 | ||
| 008 | 260504b |||||||| |||| 00| 0 eng d | ||
| 020 | _a9788193983805 | ||
| 040 |
_aBD-DhJNU _bBEN _cBD-DhJNU _dBD-DhJNU |
||
| 082 |
_223 _a954.14 |
||
| 100 | _aনন্দ, বিশ্বেন্দু | ||
| 242 |
_a50 years of Bengal before Plassey / _cVishvendu Nanda |
||
| 245 |
_aপলাশীর পূর্বে বাংলার ৫০ বছর / _cবিশ্বেন্দু নন্দ |
||
| 260 |
_aকলকাতা : _bখড়ি প্রকাশনী, _c2020. |
||
| 300 |
_a৩৪৩ পৃ. : _c২২ সেমি.। |
||
| 504 | _aগ্রন্থপঞ্জিগত নির্দেশিকা ও নিঘন্ট অন্তভূক্ত | ||
| 650 | _aমুঘল আমল - বাংলা | ||
| 650 | _aMughal Era - Bengal | ||
| 650 | _aবাংলার অর্থনৈতিক ইতিহাস - অষ্টাদশ শতাব্দী | ||
| 650 | _aEconomic History of Bengal - 18th Century | ||
| 942 |
_2ddc _cBK _n0 |
||
| 999 |
_c2758 _d2758 |
||